Logo Quiz łatwy - Statystyki

Ogólne statystyki
  • Ten quiz został rozwiązany 476 razy
  • Średni wynik to 42 z 87
Statystyki odpowiedzi
Obrazkowy Odpowiedź % Poprawnych
Amazon
98%
Adidas
96%
Monster
96%
Pepsi
96%
Apple
95%
KFC
94%
Wikipedia
94%
Lego
93%
Google
91%
Xbox
90%
Shell
89%
Snapchat
89%
Play station
87%
Pizza Hut
86%
Puma
86%
Jet punk
85%
Starbucks
83%
Instagram
82%
Twitter
81%
Spotify
80%
McDonald's
78%
Firefox
77%
LG
77%
Pringles
77%
Facebook
75%
Gmail
75%
Microsoft
75%
BP
73%
T-Mobile
73%
Ikea
71%
Visa
70%
Gucci
68%
Knorr
64%
Gerber
62%
Levis
60%
Seat
60%
Tesla
56%
Lacoste
54%
ING
51%
Bic
49%
Nike
49%
Red Bull
49%
Snickers
49%
Nestle
47%
Nintendo
42%
Chanel
41%
Skype
40%
Domino's
38%
Converse
37%
Pampers
36%
Yahoo
36%
Android
34%
Coca Cola
31%
Internet Explorer
30%
Air Jordan
25%
Doritos
25%
Louis Vuitton
25%
Michelin
24%
Rolex
24%
Safari
23%
Lipton
21%
Lays
20%
Marvel
20%
John Deere
19%
Mountain Dew
19%
Dunkin'Donuts
18%
Dove
17%
Subway
15%
Youtube
15%
Nerf
14%
Monopoly
13%
Netflix
13%
Audi
11%
NBC
11%
Nickelodeon
11%
Samsung
11%
Sprite
11%
PayPal
10%
Dell
9%
Dreamworks
9%
Intel
9%
Excel
8%
Heineken
7%
IBM
6%
Reddit
6%
Reese's
4%
BuurgerKing
1%
Nie znaleziono quizów pasujących do podanych kryteriów
Rozkład punktacji
Procent ludzi z każdym wynikiem
Percentyl według liczby udzielonych odpowiedzi
Twoja historia wyników
Nie rozwiązałeś tego quizu